Normal view
MARC view
Entry Topical Term
001 - CONTROL NUMBER
- control field: 49851
003 - CONTROL NUMBER IDENTIFIER
- control field: ARRUPE
005 - DATE AND TIME OF LATEST TRANSACTION
- control field: 20201015105112.0
008 - FIXED-LENGTH DATA ELEMENTS
- fixed length control field: 201015|| aca||aabn | a|a d
040 ## - CATALOGING SOURCE
- Original cataloging agency: ARRUPE
- Transcribing agency: ARRUPE
150 ## - HEADING--TOPICAL TERM
- Topical term or geographic name as entry element: Nurse Administrators.
670 ## - SOURCE DATA FOUND
- Source citation: Work cat.: (ARRUPE)0: Swansburg, Russell C. 49847, Introductory management and leadership for clinical nurses :, c1993.